[Event "FRA-chT U20 GpA 1213"]
[Site "France"]
[Date "2013.01.04"]
[Round "4"]
[White "Bergougnoux, Axel"]
[Black "Perisse, Matteo"]
[Result "1-0"]
[WhiteElo "1532"]
[BlackElo "1190"]
[PlyCount "47"]
[EventDate "2012.12.01"]
[EventType "team"]
[EventRounds "7"]
[EventCountry "FRA"]
[SourceTitle "EXT 2014"]
[Source "ChessBase"]
[SourceDate "2013.11.20"]
[SourceVersion "1"]
[SourceVersionDate "2013.11.20"]
[SourceQuality "1"]
[WhiteTeam "Cannes (U20)"]
[BlackTeam "Vandoeuvre U20"]
[WhiteTeamCountry "FRA"]
[BlackTeamCountry "FRA"]

1. e4 d6 2. d4 Nf6 3. Nc3 g6 4. Be3 Bg7 5. Qd2 0-0 6. Nf3 Bg4 7. Be2 Bxf3 8. Bxf3 Nbd7 9. 0-0-0 e5 10. dxe5 dxe5 11. h4 c6 12. h5 b5 13. hxg6 fxg6 14. Bh6 Qa5 15. Kb1 b4 16. Ne2 Qb5 17. Bxg7 Kxg7 18. Qh6+ Kf7 19. g4 Rh8 20. g5 Ng8 21. Rxd7+ Ke8 22. Qg7 Qd5 23. exd5 cxd5 24. Qf7# 1-0

[Event "FRA-chT U20 GpA 1213"]
[Site "France"]
[Date "2012.12.02"]
[Round "2"]
[White "Perisse, Matteo"]
[Black "Kantzer, Romain"]
[Result "0-1"]
[WhiteElo "1190"]
[BlackElo "1588"]
[PlyCount "100"]
[EventDate "2012.12.01"]
[EventType "team"]
[EventRounds "7"]
[EventCountry "FRA"]
[SourceTitle "EXT 2014"]
[Source "ChessBase"]
[SourceDate "2013.11.20"]
[SourceVersion "1"]
[SourceVersionDate "2013.11.20"]
[SourceQuality "1"]
[WhiteTeam "Vandoeuvre U20"]
[BlackTeam "Bischwiller (U20)"]
[WhiteTeamCountry "FRA"]
[BlackTeamCountry "FRA"]

1. d4 d5 2. Nf3 c6 3. e3 Nf6 4. Bd3 e6 5. 0-0 Bd6 6. b3 0-0 7. Bb2 Nbd7 8. Nbd2 Qc7 9. h3 e5 10. Be2 e4 11. Ne1 Qa5 12. a3 b5 13. b4 Qc7 14. f3 exf3 15. Bxf3 Re8 16. Bg4 Rxe3 17. Bxd7 Bxd7 18. Nd3 Rg3 19. Rf3 Rxf3 20. Nxf3 Bf5 21. Qe1 Bxd3 22. cxd3 Re8 23. Qh4 Bg3 24. Qg5 Qf4 25. Qxf4 Bxf4 26. a4 Be3+ 27. Kf1 Nh5 28. axb5 Ng3+ 29. Ke1 Bxd4+ 30. Kd2 Bxb2 31. Rxa7 cxb5 32. Ng1 Bd4 33. Rb7 Bxg1 34. Rxb5 Be3+ 35. Kc3 Rc8+ 36. Kb3 d4 37. Ka4 g6 38. Rd5 Ne2 39. Ka5 Nc3 40. Rd7 Bf4 41. b5 Bc7+ 42. b6 Ra8+ 43. Kb4 Bxb6 44. Rxd4 Bxd4 45. Kc4 Bg7 46. d4 Rc8+ 47. Kd3 Kf8 48. d5 Ke7 49. g4 g5 50. Ke3 Nxd5+ 0-1